Собрание сочинений. Т. 4: Одноэтажная Америка | Тоня | Очерки (1935-1936) (Запись № 7263087)
[ простой вид ]
| 000 -МАРКЕР | |
|---|---|
| контрольное поле | 01208nam2a22002531 4500 |
| 001 - ИДЕНТИФИКАТОР ЗАПИСИ | |
| контрольное поле | rc\57352 |
| 005 - ИДЕНТИФИКАТОР ВЕРСИИ | |
| контрольное поле | 20250620200204.0 |
| 010 ## - МЕЖДУНАРОДНЫЙ СТАНДАРТНЫЙ НОМЕР КНИГИ (ISBN) | |
| Номер (ISBN) | 5-280-02841-X |
| Тираж | 10000 |
| 035 ## - ДРУГИЕ СИСТЕМНЫЕ НОМЕРА | |
| Идентификатор записи | (NLR Aleph) 005399735 |
| 100 ## - ДАННЫЕ ОБЩЕЙ ОБРАБОТКИ | |
| Данные общей обработки | 20021216d1996 |||y0rusy50 ca |
| 101 0# - ЯЗЫК РЕСУРСА | |
| Язык текста, звукозаписи и т.д. | русский |
| 102 ## - СТРАНА ПУБЛИКАЦИИ ИЛИ ПРОИЗВОДСТВА | |
| Страна публикации | Российская Федерация |
| 105 ## - ПОЛЕ КОДИРОВАННЫХ ДАННЫХ: ТЕКСТОВЫЕ МАТЕРИАЛЫ, МОНОГРАФИЧЕСКИЕ | |
| Кодированные данные о монографическом текстовом документе | y ||||||||| |
| 200 1# - ЗАГЛАВИЕ И СВЕДЕНИЯ ОБ ОТВЕТСТВЕННОСТИ | |
| Основное заглавие | Одноэтажная Америка |
| -- | Тоня |
| -- | Очерки (1935-1936) |
| Первые сведения об ответственности | [Комментарии Б. Галанова] |
| 210 ## - ПУБЛИКАЦИЯ, РАСПРОСТРАНЕНИЕ И ДР. | |
| Дата издания, распространения и т.д. | 1996 |
| Место издания, распространения и т.д. | Б. м. |
| 215 ## - ФИЗИЧЕСКАЯ ХАРАКТЕРИСТИКА | |
| Специфическое обозначение материала и объем | 461, [2] с. |
| Размеры | 21 |
| 320 ## - ПРИМЕЧАНИЯ О НАЛИЧИИ В ДОКУМЕНТЕ БИБЛИОГРАФИИ / УКАЗАТЕЛЯ | |
| Текст примечания | Библиогр. в примеч.: с. 447-462 |
| 461 #0 - УРОВЕНЬ НАБОРА | |
| Встроенное поле | 001rc\57348 |
| -- | 2001#$aСобрание сочинений$eВ 5 т.$fИлья Ильф, Евгений Петров$g[Вступ. ст. Б. Галанова, с. 5-21$gКоммент. А. Вулиса, Б. Галанова]$vТ. 4 |
| -- | 700#1$aИльф$bИ.А.$gИлья Арнольдович$f1897-1937 |
| Системный номер (АБИС) связанной записи | 7263049 |
| Автор | Ильф, И.А. (1897-1937) |
| Место публикации | М. |
| Дата публикации | 1994- |
| Первые сведения об ответственности | Илья Ильф, Евгений Петров |
| Имя издателя, распространителя и т.д. | Худож. лит. |
| Сведения, относящиеся к заглавию | В 5 т. |
| Заглавие | Собрание сочинений |
| ISBN | 528002838X |
| Номер тома | Т. 4 |
| 801 #0 - ИСТОЧНИК ЗАПИСИ | |
| Страна | Российская Федерация |
| Организация | NLR |
| Правила каталогизации | psbo |
| 801 #1 - ИСТОЧНИК ЗАПИСИ | |
| Страна | Российская Федерация |
| Организация | ELAR |
| Источник данных | rusmarc |
| 852 ## - МЕСТОНАХОЖДЕНИЕ И ШИФР ХРАНЕНИЯ | |
| Идентификатор организации | NLR |
| Шифр хранения (Call Number) | 94-3/4009 |
| 942 ## - ДОПОЛНИТЕЛЬНЫЕ ЭЛЕМЕНТЫ ЗАПИСИ (АБИС) | |
| Тип экземпляра АБИС | Книга |
| 980 ## - КОЛЛЕКЦИЯ | |
| Название коллекции | Национальная библиография |
| Тип экземпляра | Дата поступления | Библиотека постоянного хранения | Библиотека текущего хранения | Место хранения | Шифр хранения | Штрих-код | Статус экземпляра |
|---|---|---|---|---|---|---|---|
| Книга | 26.10.2013 | РНБ (Московский) | РНБ (Московский) | Русский книжный фонд: издания с 1957 года | 94-3/4009 | 1-1135117 |